[Event "Verbandsliga Suedbaden 1718"]
[Site "Baden"]
[Date "2017.12.03"]
[Round "3.1"]
[White "Metz, Hartmut"]
[Black "Heymann, Samuel"]
[Result "1/2-1/2"]
[WhiteElo "2260"]
[BlackElo "2237"]
[PlyCount "116"]
[EventDate "2017.10.08"]
[EventType "team-tourn"]
[EventRounds "9"]
[EventCountry "GER"]
[SourceTitle "EXT 2019"]
[Source "ChessBase"]
[SourceDate "2018.10.10"]
[SourceVersion "1"]
[SourceVersionDate "2018.10.10"]
[SourceQuality "1"]
[WhiteTeam "Kuppenheim"]
[BlackTeam "Pfullendorf"]
[WhiteTeamCountry "GER"]
[BlackTeamCountry "GER"]

1. e4 e5 2. Nf3 Nf6 3. Nc3 Bb4 4. Nxe5 0-0 5. Nd3 Bxc3 6. dxc3 Nxe4 7. Be2 d5 8. Be3 c6 9. 0-0 Bf5 10. Nc5 Nd6 11. Bf4 Re8 12. Re1 b6 13. Nb3 Qf6 14. Bxd6 Qxd6 15. c4 Nd7 16. cxd5 cxd5 17. Nd4 Be4 18. Bb5 Rec8 19. Bxd7 Qxd7 20. c3 h6 21. Re3 Rc5 22. Qd2 Rac8 23. Rae1 R5c7 24. Rg3 Kh7 25. h4 Bg6 26. Qf4 Qd8 27. Re5 Re7 28. h5 Be4 29. Qg4 f5 30. Qg6+ Kh8 31. Rxe7 Qxe7 32. f4 Qd7 33. Ne6 Rg8 34. Kh2 Qe7 35. Kg1 Bb1 36. a3 Bc2 37. Re3 Be4 38. Nd4 Rf8 39. Qg3 Qe8 40. Qh4 Qa4 41. Re1 Rf6 42. Kh2 Kh7 43. Re2 Qd1 44. Qe1 Qa4 45. Re3 Qe8 46. Qe2 Qb8 47. Qf2 Qe8 48. Rh3 Qa4 49. Qe2 Qd7 50. Rg3 Qc7 51. Qf2 Qf7 52. Rh3 Qd7 53. Qe3 Qa4 54. Qe2 Qd7 55. Rg3 Qc7 56. Qf2 Qf7 57. Qe2 Qc7 58. Qf2 Qf7 1/2-1/2